<?xml version="1.0" encoding="UTF-8"?>
<record
    xmlns:xsi="http://www.w3.org/2001/XMLSchema-instance"
    xsi:schemaLocation="http://www.loc.gov/MARC21/slim http://www.loc.gov/standards/marcxml/schema/MARC21slim.xsd"
    xmlns="http://www.loc.gov/MARC21/slim">

  <leader>02435    a2200253   4500</leader>
  <controlfield tag="001">49785</controlfield>
  <controlfield tag="005">20260407155758.0</controlfield>
  <controlfield tag="008">260407a1997    arg                 spa d</controlfield>
  <controlfield tag="003">AR-UNSa-BCEJYS</controlfield>
  <datafield tag="040" ind1=" " ind2=" ">
    <subfield code="a">AR-UNSa-BCEJYS</subfield>
    <subfield code="b">spa</subfield>
    <subfield code="c">AR-UNSa-BCEJYS</subfield>
  </datafield>
  <datafield tag="080" ind1=" " ind2=" ">
    <subfield code="a">504</subfield>
    <subfield code="x">Ciencias del medio ambiente. Ciencias medioambientales</subfield>
  </datafield>
  <datafield tag="245" ind1="1" ind2="0">
    <subfield code="a">Ingenier&#xED;a de dise&#xF1;o medioambiental. DFE</subfield>
    <subfield code="p">desarrollo integral de productos y procesos ecoeficientes</subfield>
  </datafield>
  <datafield tag="020" ind1=" " ind2=" ">
    <subfield code="a">84-481-0752-7</subfield>
  </datafield>
  <datafield tag="264" ind1=" " ind2="1">
    <subfield code="a">Madrid :</subfield>
    <subfield code="b">McGraw-Hill</subfield>
    <subfield code="c">1997</subfield>
  </datafield>
  <datafield tag="300" ind1=" " ind2=" ">
    <subfield code="a">xx, 512 p.</subfield>
    <subfield code="c">25 cm.</subfield>
  </datafield>
  <datafield tag="505" ind1=" " ind2=" ">
    <subfield code="a">1. Introducci&#xF3;n - PARTE I: Respondiendo a la llamada: La frontera verde: 2. Las fuerzas motivadoras - 3. Hacia un desarrollo sostenible - 4. Responsabilidad ambiental corporativa - PARTE II: Mirando al bosque: El arte y la ciencia del DFE - 5. Principios conceptuales del DFE - 6. Desarrollo d productos y procesos - 7. Variables de medici&#xF3;n del rendimiento ambiental - 8. Gu&#xED;as pr&#xE1;cticas para el DFE - 9. M&#xE9;todos para evaluar y mejorar el rendimiento ambiental - 10. Gesti&#xF3;n integral del ciclo de vida - PARTE III: Andando lo dicho: Historias de pioneros: 11. El marco conceptual del DFE en AT&amp;T - 12. Productos ambientalmente sensibles: una iniciativa de IBM - 13. El programa de Hewlett-Packard para un liderazgo de producto orientado hacia el ciclo de la vida - 14. Evaluaci&#xF3;n del ciclo de la vida de una estaci&#xF3;n de trabajo - 15. DFE en el dise&#xF1;o de equipos para la fabricaci&#xF3;n de semiconductores - 16. DFE en Pacific Gas &amp; Electric - 17. Gesti&#xF3;n ambiental para los noventa en ARCO - 18. Cuidando del medio ambiente en Baxter Healthcare - 19. Las diez maneras de prevenir la contaminaci&#xF3;n mediante dise&#xF1;o en Coors - 20. Pr&#xE1;ctica medioambiental en WMX Technologies - 21. Construyendo un futuro sostenible en Dow Chemical - 22. El programa de DFE de la USEPA - PARTE IV: Trazando el Rumbo: El camino por delante: 23. Aspectos organizativos en el DFE - 24. DFE: Planificaci&#xF3;n corporativa y oportunidades de cumplimiento - 25. Ecolog&#xED;a industrial: un contexto para el dise&#xF1;o y la decisi&#xF3;n - 26. El dise&#xF1;o para el medio ambiente en perspectiva - 27. Conclusi&#xF3;n.</subfield>
  </datafield>
  <datafield tag="041" ind1=" " ind2=" ">
    <subfield code="a">spa</subfield>
  </datafield>
  <datafield tag="942" ind1=" " ind2=" ">
    <subfield code="c">BK</subfield>
  </datafield>
  <datafield tag="590" ind1=" " ind2=" ">
    <subfield code="a">niveau_biblio:m niveau_hierar:0</subfield>
  </datafield>
  <datafield tag="100" ind1="1" ind2=" ">
    <subfield code="a">Fiksel, Joseph</subfield>
  </datafield>
  <datafield tag="700" ind1="1" ind2=" ">
    <subfield code="a">Arquiaga, Carlota</subfield>
  </datafield>
  <datafield tag="700" ind1="1" ind2=" ">
    <subfield code="a">Garc&#xED;a Luna, Mercedes</subfield>
  </datafield>
  <datafield tag="856" ind1="4" ind2="1">
    <subfield code="u">https://www.biblioeco.unsa.edu.ar/pmb/images/libros/L128177.jpg</subfield>
    <subfield code="y">Imagen de portada</subfield>
    <subfield code="q">image/jpeg</subfield>
  </datafield>
  <datafield tag="999" ind1=" " ind2=" ">
    <subfield code="c">4880</subfield>
    <subfield code="d">4880</subfield>
  </datafield>
  <datafield tag="952" ind1=" " ind2=" ">
    <subfield code="0">0</subfield>
    <subfield code="1">0</subfield>
    <subfield code="4">0</subfield>
    <subfield code="7">0</subfield>
    <subfield code="a">BCEJYS</subfield>
    <subfield code="b">BCEJYS</subfield>
    <subfield code="c">16</subfield>
    <subfield code="d">2026-04-07</subfield>
    <subfield code="l">0</subfield>
    <subfield code="o">504 F438</subfield>
    <subfield code="p">L128177</subfield>
    <subfield code="r">2026-04-07 15:57:58</subfield>
    <subfield code="w">2026-04-07</subfield>
    <subfield code="y">L</subfield>
  </datafield>
</record>
